[Event "Titled Tue 10th Jun Early"]
[Site "chess.com INT"]
[Date "2025.06.10"]
[Round "8"]
[White "Craciun, Sasha-Matei"]
[Black "Puzyrevsky, Semyon"]
[Result "0-1"]
[WhiteTitle "FM"]
[BlackTitle "FM"]
[WhiteElo "2320"]
[BlackElo "2292"]
[WhiteFideId "1281186"]
[BlackFideId "24240931"]
[EventDate "2025.06.10"]

1. e4 e5 2. Nf3 Nc6 3. Bc4 Bc5 4. O-O Nf6 5. d3 O-O 6. c3 d6 7. Bg5 h6 8. Bh4 a6
9. a4 Ba7 10. Nbd2 Be6 11. Re1 Na5 12. Bxe6 fxe6 13. d4 exd4 14. cxd4 Qe8 15. e5
Nd5 16. Ne4 dxe5 17. Nxe5 Nc6 18. Nxc6 Qxc6 19. Rc1 Qd7 20. Qg4 Rf4 21. Qh3 Raf8
22. Bg3 R4f5 23. Nc5 Bxc5 24. dxc5 c6 25. Re2 Qf7 26. Rce1 e5 27. Qg4 Rg5 28.
Qe4 Nf6 29. Qb4 e4 30. Bd6 Re8 31. h3 Qg6 32. f3 exf3 33. Rxe8+ Nxe8 34. Qb3+
Kh7 35. Qxf3 Nxd6 36. cxd6 Qxd6 37. Qe4+ Rg6 38. b4 Qd2 39. Re2 Qd1+ 40. Kh2
Qxa4 41. h4 Qb5 42. Re3 Qd5 43. Qc2 Qh5 44. Kg1 Qxh4 45. Re6 Qg4 46. Rxg6 Qxg6
47. Qc5 Qe4 48. Qb6 Qe5 49. Qxb7 Qb5 50. Qd7 Qxb4 51. Qf5+ Kg8 52. Qe6+ Kf8 53.
Qxc6 Qb5 54. Qc8+ Kf7 55. Qf5+ Qxf5 0-1

[Event "Titled Tue 10th Jun Early"]
[Site "chess.com INT"]
[Date "2025.06.10"]
[Round "8"]
[White "Otdelnov, Kirill"]
[Black "Zaksaite, Salomeja"]
[Result "1-0"]
[WhiteTitle "FM"]
[BlackTitle "WGM"]
[WhiteElo "2273"]
[BlackElo "2133"]
[WhiteFideId "24280216"]
[BlackFideId "12801496"]
[EventDate "2025.06.10"]

1. Nf3 Nf6 2. e3 g6 3. d4 Bg7 4. Be2 O-O 5. O-O d6 6. c4 Nbd7 7. Nc3 e5 8. Qc2
c6 9. b4 a5 10. b5 Re8 11. bxc6 bxc6 12. Ba3 exd4 13. Nxd4 Qc7 14. Bf3 Ra6 15.
Rfd1 Rd8 16. Rab1 Ne5 17. Be2 c5 18. Ndb5 Qc6 19. e4 Be6 20. Nd5 Bxd5 21. cxd5
Qc8 22. h3 g5 23. Nd4 Ra7 24. Nf5 Bf8 25. Rb6 Ng6 26. Rdb1 Nf4 27. Bf1 h5 28.
Rc6 Qd7 29. Rbb6 N6xd5 30. exd5 Nxd5 31. Rxd6 Bxd6 32. Rxd6 Qe8 33. Qxc5 Rxd6
34. Nxd6 Qe6 35. Qxa7 1-0

[Event "Titled Tue 10th Jun Early"]
[Site "chess.com INT"]
[Date "2025.06.10"]
[Round "8"]
[White "Gonzalez Menendez, Ivan"]
[Black "Askarov, Bakhtiyar"]
[Result "1-0"]
[WhiteTitle "FM"]
[BlackTitle "IM"]
[WhiteElo "2382"]
[BlackElo "2297"]
[WhiteFideId "2226316"]
[BlackFideId "13701100"]
[EventDate "2025.06.10"]

1. e4 c5 2. Nc3 Nc6 3. Nf3 g6 4. d4 cxd4 5. Nxd4 Bg7 6. Be3 Nf6 7. Bc4 O-O 8.
Bb3 e6 9. O-O d5 10. exd5 Nxd5 11. Nxd5 exd5 12. c3 Na5 13. Qf3 Be6 14. Rad1 Qd7
15. Nxe6 fxe6 16. Qh3 Nxb3 17. axb3 Qc6 18. Rfe1 e5 19. Bh6 Rfe8 20. Bxg7 Kxg7
21. Re3 Re7 22. Rde1 Rae8 23. Qg3 Qf6 24. h4 e4 25. h5 Re5 26. hxg6 hxg6 27. Qg4
Rf5 28. R1e2 Rh8 29. Rh3 Rxh3 30. Qxh3 Qg5 31. Qe3 Qg4 32. c4 Rg5 33. f3 exf3
34. Qe7+ Kh6 35. Qf8+ Kh5 36. Qh8# 1-0

[Event "Titled Tue 10th Jun Early"]
[Site "chess.com INT"]
[Date "2025.06.10"]
[Round "8"]
[White "Ter-Sahakyan, Samvel"]
[Black "Tao, Sihan"]
[Result "1-0"]
[WhiteTitle "GM"]
[BlackTitle "FM"]
[WhiteElo "2611"]
[BlackElo "2202"]
[WhiteFideId "13302531"]
[BlackFideId "30982677"]
[EventDate "2025.06.10"]

1. d4 Nf6 2. c4 e6 3. Nc3 Bb4 4. a3 Bxc3+ 5. bxc3 d6 6. f3 Qe7 7. e4 e5 8. Bd3
c5 9. Ne2 Nc6 10. O-O h6 11. d5 Nb8 12. Ng3 g5 13. a4 a5 14. Rf2 Rg8 15. Nf1 h5
16. Ne3 h4 17. Rb1 Nh5 18. Bf1 Nf4 19. Rfb2 Na6 20. Rb6 Nc7 21. Rxb7 Bxb7 22.
Nf5 Qd8 23. Rxb7 Rg6 24. g3 hxg3 25. hxg3 Nh5 26. Qe2 Ng7 27. Ne3 Rb8 28. Qb2
Rxb7 29. Qxb7 Qd7 30. Qb8+ Ke7 31. Ng4 Nce8 32. Qb5 Nf6 33. Nxf6 Qxb5 34. cxb5
Kxf6 35. c4 g4 36. b6 Rh6 37. Bxh6 1-0

[Event "Titled Tue 10th Jun Early"]
[Site "chess.com INT"]
[Date "2025.06.10"]
[Round "8"]
[White "Kjaergaard-Jensen, Jesper"]
[Black "Kucza, Karol"]
[Result "1-0"]
[WhiteTitle "CM"]
[BlackTitle "FM"]
[WhiteElo "2081"]
[BlackElo "2316"]
[WhiteFideId "1406990"]
[BlackFideId "1159755"]
[EventDate "2025.06.10"]

1. d4 Nf6 2. Nf3 e6 3. Bg5 h6 4. Bh4 Be7 5. Nbd2 d5 6. Bxf6 Bxf6 7. c3 O-O 8. e4
dxe4 9. Nxe4 b6 10. Bd3 Bb7 11. Qe2 Nd7 12. O-O-O Qe7 13. h4 c5 14. g4 cxd4 15.
g5 Be5 16. gxh6 Bf4+ 17. Kb1 Bxh6 18. Nfg5 dxc3 19. Rhg1 cxb2 20. Nd6 Nc5 21.
Bh7+ Kh8 22. Qh5 Na4 23. Rd3 Qf6 24. Ngxf7+ Rxf7 25. Rg6 Nc3+ 26. Rxc3 Qxc3 27.
Nxf7+ Kxh7 28. Rxh6+ gxh6 29. Ng5+ Kh8 30. Qxh6+ Kg8 31. Qh7+ Kf8 32. Qf7# 1-0

[Event "Titled Tue 10th Jun Early"]
[Site "chess.com INT"]
[Date "2025.06.10"]
[Round "8"]
[White "Rasch, Holger"]
[Black "Gutman, Gennadi"]
[Result "1-0"]
[WhiteTitle "FM"]
[BlackTitle "GM"]
[WhiteElo "2246"]
[BlackElo "2445"]
[WhiteFideId "4615670"]
[BlackFideId "14102277"]
[EventDate "2025.06.10"]

1. e4 c6 2. d4 d5 3. exd5 cxd5 4. Bd3 Nc6 5. c3 Nf6 6. h3 e5 7. dxe5 Nxe5 8. Nf3
Nxd3+ 9. Qxd3 Bd6 10. O-O O-O 11. Bg5 Be6 12. Nbd2 h6 13. Bh4 Rc8 14. Nb3 Be7
15. Nbd4 Ne4 16. Bxe7 Qxe7 17. Rfe1 Rfd8 18. Nd2 Nc5 19. Qg3 Qf6 20. Re5 Re8 21.
Rae1 Na4 22. Nb5 Qe7 23. b3 Nc5 24. Nd4 Nd7 25. Rxd5 Qf6 26. Rd6 Ne5 27. Ne4 Qe7
28. Qxe5 1-0

[Event "Titled Tue 10th Jun Early"]
[Site "chess.com INT"]
[Date "2025.06.10"]
[Round "8"]
[White "Toroptseva, Yevheniia"]
[Black "Villalba, Marcelo"]
[Result "0-1"]
[WhiteTitle "WFM"]
[BlackTitle "IM"]
[WhiteElo "2104"]
[BlackElo "2233"]
[WhiteFideId "34109374"]
[BlackFideId "3701859"]
[EventDate "2025.06.10"]

1. Nc3 c5 2. g3 g6 3. Bg2 Bg7 4. e4 Nc6 5. Nge2 e6 6. O-O d6 7. d3 Nge7 8. f4
O-O 9. Kh1 b6 10. g4 f5 11. gxf5 gxf5 12. Rg1 Bb7 13. Ng3 Kh8 14. Bd2 Nd4 15.
Nce2 Ng6 16. c3 Nxe2 17. Qxe2 Nh4 18. c4 fxe4 19. Bxe4 d5 20. cxd5 exd5 21. Bg2
Nxg2 22. Rxg2 Bxb2 23. Rag1 Bd4 24. Nh5 Bxg1 25. Qe5+ Rf6 26. Nxf6 Bd4 27. Qf5
Bxf6 28. d4 Qe7 29. dxc5 d4 30. h4 Rg8 31. Qh3 Rxg2 32. Qxg2 Bxg2+ 33. Kxg2 Qe2+
34. Kg3 h5 35. f5 Be5+ 36. Kh3 Qh2# 0-1

[Event "Titled Tue 10th Jun Early"]
[Site "chess.com INT"]
[Date "2025.06.10"]
[Round "8"]
[White "Burmakin, Evgeniy"]
[Black "Schut, Han"]
[Result "0-1"]
[WhiteTitle "FM"]
[BlackTitle "CM"]
[WhiteElo "2110"]
[BlackElo "2088"]
[WhiteFideId "4163729"]
[BlackFideId "1005561"]
[EventDate "2025.06.10"]

1. e4 c5 2. Nf3 d6 3. d4 cxd4 4. Nxd4 Nf6 5. Nc3 a6 6. f3 e5 7. Nb3 Be6 8. Be3
Be7 9. Qd2 Nbd7 10. O-O-O O-O 11. g4 b5 12. g5 b4 13. Ne2 Ne8 14. f4 a5 15. f5
Bxb3 16. cxb3 a4 17. bxa4 Rxa4 18. Kb1 Rxa2 19. Kxa2 Qa8+ 20. Kb3 Bxg5 21. Bg2
Nc5+ 22. Bxc5 Bxd2 23. Rxd2 dxc5 24. Rc1 Nf6 25. Ng3 h5 26. h4 Rc8 27. Rc4 Ng4
28. Nf1 Qa1 29. Rdc2 Qe1 30. Rxc5 Rxc5 31. Rxc5 Ne3 32. Rc8+ Kh7 33. Nxe3 Qxe3+
34. Ka4 Qe2 35. Kxb4 Qxb2+ 36. Ka5 Qxg2 37. Rc4 Qg4 0-1

[Event "Titled Tue 10th Jun Early"]
[Site "chess.com INT"]
[Date "2025.06.10"]
[Round "8"]
[White "Sakhayi, Mostafa"]
[Black "Subervi, Jonathan Sigfredo"]
[Result "1-0"]
[WhiteTitle "CM"]
[BlackTitle "FM"]
[WhiteElo "2166"]
[BlackElo "2059"]
[WhiteFideId "12512532"]
[BlackFideId "6400345"]
[EventDate "2025.06.10"]

1. d4 d5 2. c4 c6 3. Nc3 Nf6 4. Nf3 e6 5. Bg5 Nbd7 6. e3 Qa5 7. cxd5 exd5 8.
Bxf6 Nxf6 9. Bd3 Bd6 10. O-O O-O 11. Ne5 Re8 12. f4 c5 13. Kh1 cxd4 14. exd4 Qb6
15. a3 Kf8 16. Bb5 Re7 17. Qa4 Bf5 18. Rac1 Rd8 19. h3 a6 20. Bd3 Bxd3 21. Nxd3
Re3 22. Nb4 Bxb4 23. Qxb4+ Qxb4 24. axb4 Rc8 25. Nxd5 Rxc1 26. Nxe3 Rxf1+ 27.
Nxf1 Nd5 28. b5 axb5 29. g3 h5 30. Kg2 h4 31. Kf3 hxg3 32. Nxg3 Ke7 33. Nf5+ Kf6
34. Nd6 Nb6 35. Ke4 Nc4 36. Nxc4 bxc4 37. Kd5 b5 38. Kc5 Kf5 39. d5 Kf6 40. Kxb5
Ke7 41. Kxc4 1-0

[Event "Titled Tue 10th Jun Early"]
[Site "chess.com INT"]
[Date "2025.06.10"]
[Round "8"]
[White "Bacus, Dharim"]
[Black "Kulnev, Aleksandr"]
[Result "0-1"]
[WhiteTitle "FM"]
[BlackTitle "CM"]
[WhiteElo "2131"]
[BlackElo "2213"]
[WhiteFideId "5201527"]
[BlackFideId "54157544"]
[EventDate "2025.06.10"]

1. e4 c5 2. Nf3 d6 3. d4 cxd4 4. Nxd4 Nf6 5. Nc3 a6 6. Bg5 Nbd7 7. f4 Qc7 8. f5
h6 9. Bh4 Nc5 10. Bxf6 gxf6 11. Nd5 Qd8 12. b4 Nd7 13. Bc4 Ne5 14. Bb3 h5 15.
O-O Bd7 16. Kh1 Bc6 17. a4 Bxd5 18. Bxd5 Qc7 19. a5 Bh6 20. b5 Be3 21. bxa6 Rxa6
22. Rb1 Qxa5 23. Rxb7 Rb6 24. Nc6 Nxc6 25. Bxc6+ Kf8 26. Rb8+ Rxb8 27. Bd5 Qc3
28. h3 Rb2 29. Rf3 Rxc2 30. Rxe3 Qxe3 31. Qxc2 h4 32. Kh2 Kg7 33. Qa2 Rc8 34.
Bxf7 Qg3+ 0-1

[Event "Titled Tue 10th Jun Early"]
[Site "chess.com INT"]
[Date "2025.06.10"]
[Round "8"]
[White "Sanhueza, Cristian"]
[Black "Tristan, Leonardo"]
[Result "0-1"]
[WhiteTitle "FM"]
[BlackTitle "GM"]
[WhiteElo "2213"]
[BlackElo "2536"]
[WhiteFideId "116815"]
[BlackFideId "113816"]
[EventDate "2025.06.10"]

1. e4 d5 2. exd5 Qxd5 3. Nc3 Qa5 4. b4 Qxb4 5. Rb1 Qd6 6. Nf3 Nf6 7. g3 g6 8.
Bg2 Bg7 9. O-O O-O 10. d4 c6 11. Bf4 Qd8 12. Re1 Nbd7 13. Qe2 Re8 14. h4 Nb6 15.
Rbd1 Nbd5 16. Nxd5 cxd5 17. c4 Bf5 18. Ne5 Be4 19. Bh3 dxc4 20. Qxc4 Bd5 21. Qb4
Qb6 22. Qd2 Ne4 23. Qe3 Nd6 24. Rb1 Qa6 25. h5 Qxa2 26. hxg6 hxg6 27. Bh6 Qc2
28. Bxg7 Kxg7 29. Ng4 Qf5 30. Qh6+ Kg8 31. Re3 Qxb1+ 32. Bf1 Nf5 33. Qg5 Nxe3
34. Nxe3 Be4 35. Kh2 Kg7 36. Bc4 Rh8+ 0-1

[Event "Titled Tue 10th Jun Early"]
[Site "chess.com INT"]
[Date "2025.06.10"]
[Round "8"]
[White "Dyulgerov, Volen"]
[Black "Akkara, Omer"]
[Result "1-0"]
[WhiteTitle "CM"]
[BlackTitle "CM"]
[WhiteElo "2200"]
[BlackElo "2036"]
[WhiteFideId "2918978"]
[BlackFideId "26319802"]
[EventDate "2025.06.10"]

1. e4 c6 2. d4 d5 3. Nd2 dxe4 4. Nxe4 Nd7 5. Ng5 Ngf6 6. N1f3 e6 7. Bd3 Be7 8.
O-O O-O 9. Qe2 h6 10. Nxe6 fxe6 11. Qxe6+ Kh8 12. Nh4 g5 13. Ng6+ Kg7 14. Nxe7
Nc5 15. Nf5+ Kh8 16. Qe2 Nxd3 17. Qxd3 Bxf5 18. Qxf5 Qxd4 19. Qg6 Ng8 20. Be3
Qg7 21. Qd3 Nf6 22. Bd4 Rad8 23. Qc3 Qf7 24. Rfe1 Rd7 25. Rad1 c5 26. Bxf6+ Qxf6
27. Qxf6+ Rxf6 28. Rxd7 1-0

[Event "Titled Tue 10th Jun Early"]
[Site "chess.com INT"]
[Date "2025.06.10"]
[Round "8"]
[White "Khalafvand, Dorsa Sadat"]
[Black "Lyakh, Vasiliy"]
[Result "1-0"]
[WhiteTitle "WCM"]
[WhiteElo "1985"]
[BlackElo "2123"]
[WhiteFideId "36767522"]
[BlackFideId "14189828"]
[EventDate "2025.06.10"]

1. c4 e5 2. Nc3 Bb4 3. Nd5 Bc5 4. e3 c6 5. Nc3 Nf6 6. d4 exd4 7. exd4 Qe7+ 8.
Be2 Bb4 9. Nf3 d5 10. cxd5 Nxd5 11. Qc2 O-O 12. O-O Nxc3 13. bxc3 Bxc3 14. Bg5
Qa3 15. Rab1 Ba5 16. Bd3 h6 17. Bf4 Na6 18. Ne5 Nb4 19. Rxb4 Qxb4 20. Qc1 Qxd4
21. Rd1 Qc3 22. Qe3 Re8 23. Qg3 Bg4 24. Nxg4 Re1+ 25. Rxe1 Qxe1+ 26. Bf1 Rd8 27.
Nxh6+ Kf8 28. Bd6+ Ke8 29. Nf5 g6 30. Ne3 Kd7 31. Qe5 Re8 32. Qd4 Bb6 33. Bc5+
Kc8 34. Qg4+ Kb8 35. Bd6+ Ka8 36. Qd7 1-0

[Event "Titled Tue 10th Jun Early"]
[Site "chess.com INT"]
[Date "2025.06.10"]
[Round "8"]
[White "Wagh, Suyog"]
[Black "Margl, Roland"]
[Result "0-1"]
[WhiteTitle "FM"]
[BlackTitle "FM"]
[WhiteElo "2319"]
[BlackElo "2289"]
[WhiteFideId "25071688"]
[BlackFideId "773719"]
[EventDate "2025.06.10"]

1. d4 d5 2. c4 e6 3. Nf3 Nf6 4. g3 dxc4 5. Bg2 c5 6. O-O Nc6 7. dxc5 Qxd1 8.
Rxd1 Bxc5 9. Nbd2 c3 10. bxc3 O-O 11. Nb3 Be7 12. Ne1 Bd7 13. Nd3 b6 14. Bf4
Rac8 15. c4 Rfd8 16. c5 Be8 17. cxb6 axb6 18. Be3 b5 19. Bb6 Rd7 20. Rac1 Rb7
21. Bc5 Kf8 22. Nb4 Nd5 23. Nxd5 exd5 24. Bxd5 Bxc5 25. Rxc5 Rbc7 26. Rdc1 Ke7
27. Na5 Kd6 28. Bxc6 Bxc6 29. a3 Bd5 30. Rxc7 Rxc7 31. Rd1 Ke5 32. f3 f5 33. Rd3
Ra7 34. Nb3 Rxa3 35. Nc5 Rxd3 36. Nxd3+ Kd4 37. Kf2 Bc4 38. Nb4 Kc3 39. Nd5+
Bxd5 0-1

[Event "Titled Tue 10th Jun Early"]
[Site "chess.com INT"]
[Date "2025.06.10"]
[Round "8"]
[White "Mitev, Valentin"]
[Black "Arabidze, Meri"]
[Result "0-1"]
[WhiteTitle "FM"]
[BlackTitle "IM"]
[WhiteElo "2323"]
[BlackElo "2440"]
[WhiteFideId "2921707"]
[BlackFideId "13604040"]
[EventDate "2025.06.10"]

1. d4 Nf6 2. Nf3 e6 3. Bf4 d5 4. e3 c5 5. c3 Nc6 6. Nbd2 cxd4 7. exd4 Nh5 8. Be3
Bd6 9. Bd3 O-O 10. O-O f5 11. Bg5 Qe8 12. Re1 h6 13. Bh4 g5 14. Nxg5 hxg5 15.
Bxg5 Qg6 16. Bh4 Bd7 17. Bf1 Rf7 18. Nf3 Rg7 19. Kh1 Nf6 20. Bxf6 Qxf6 21. b4
Rh7 22. h3 Rf8 23. b5 Ne7 24. c4 dxc4 25. Bxc4 Qg6 26. Ne5 Bxe5 27. dxe5 Nd5 28.
Bxd5 exd5 29. Qxd5+ Be6 30. Qf3 f4 31. Rad1 Rg7 32. Rd6 Qf5 33. Re4 Rg6 34. Kh2
Rf7 35. Red4 Rfg7 36. Rxf4 Rxg2+ 37. Kh1 Rg1+ 38. Kh2 R7g2+ 0-1

[Event "Titled Tue 10th Jun Early"]
[Site "chess.com INT"]
[Date "2025.06.10"]
[Round "8"]
[White "Mohylnyi, Stepan"]
[Black "Reshetnikov, Alexey"]
[Result "0-1"]
[WhiteTitle "FM"]
[BlackTitle "IM"]
[WhiteElo "2314"]
[BlackElo "2492"]
[WhiteFideId "34127836"]
[BlackFideId "4162080"]
[EventDate "2025.06.10"]

1. e4 e6 2. d4 d5 3. Nd2 c5 4. Ngf3 cxd4 5. Nxd4 Nf6 6. exd5 Nxd5 7. Bb5+ Bd7 8.
Bxd7+ Qxd7 9. N2f3 Nc6 10. O-O Bc5 11. c3 O-O 12. Nxc6 Qxc6 13. Qe2 f6 14. c4
Nc7 15. b3 e5 16. Bb2 Ne6 17. Rad1 Nf4 18. Qc2 Qe6 19. g3 Qg4 20. Nh4 Rad8 21.
Rxd8 Rxd8 22. Qf5 Nh3+ 23. Kg2 Qxf5 24. Nxf5 Nxf2 25. Ne7+ Bxe7 26. Rxf2 Bc5 27.
Re2 Rd3 28. Bc1 Bb4 29. g4 Kf7 30. h3 Ke6 31. Be3 a6 32. Bf2 g6 33. Rc2 f5 34.
gxf5+ gxf5 35. c5 Kd5 36. Rc4 Bd2 37. h4 e4 38. c6 bxc6 39. Rc5+ Ke6 40. Rxc6+
Ke5 41. Rxa6 f4 42. Ra8 Bb4 43. Re8+ Kf5 44. Rf8+ Bxf8 0-1

[Event "Titled Tue 10th Jun Early"]
[Site "chess.com INT"]
[Date "2025.06.10"]
[Round "8"]
[White "Fernandes, Rogerio Paulo Muller"]
[Black "Le, Minh Tu"]
[Result "0-1"]
[BlackTitle "FM"]
[WhiteElo "2241"]
[BlackElo "1932"]
[WhiteFideId "2101599"]
[BlackFideId "12404888"]
[EventDate "2025.06.10"]

1. c4 c6 2. g3 d5 3. Bg2 Nf6 4. Nf3 Bf5 5. O-O e6 6. b3 h6 7. Bb2 Bc5 8. d4 Be7
9. Nbd2 O-O 10. Rc1 Nbd7 11. h3 Ne4 12. Kh2 Ndf6 13. Ne5 Nxd2 14. Qxd2 Be4 15.
f3 Bf5 16. Rfe1 a5 17. a3 a4 18. b4 Nd7 19. e4 Bh7 20. exd5 cxd5 21. cxd5 exd5
22. f4 Nf6 23. g4 Ne4 24. Qd1 Bh4 25. Re2 Bg3+ 26. Kg1 Bxf4 27. Bxe4 Bxe4 28.
Rc5 Qh4 29. Rc3 Rac8 30. Qe1 Qg5 31. Rxe4 dxe4 32. Qxe4 Rxc3 33. Bxc3 Be3+ 34.
Kg2 Qf4 35. Qxf4 Bxf4 36. Nd3 Bd6 0-1

[Event "Titled Tue 10th Jun Early"]
[Site "chess.com INT"]
[Date "2025.06.10"]
[Round "8"]
[White "Brancaleoni, Maurizio"]
[Black "Novikova, Marharyta"]
[Result "1-0"]
[WhiteTitle "FM"]
[BlackTitle "WCM"]
[WhiteElo "2185"]
[BlackElo "1974"]
[WhiteFideId "803022"]
[BlackFideId "14109689"]
[EventDate "2025.06.10"]

1. Nf3 Nf6 2. c4 d5 3. cxd5 Nxd5 4. d4 Bg4 5. Ne5 Bf5 6. Qb3 Nc6 7. Nc3 e6 8. e4
Nxc3 9. bxc3 Bxe4 10. Qxb7 Rb8 11. Qa6 Rb6 12. Qa4 f6 13. Nf3 Be7 14. Be2 O-O
15. O-O Qd5 16. Ba3 Bxa3 17. Qxa3 Rfb8 18. c4 Qf5 19. Rfe1 Qg6 20. Qc5 Qg4 21.
Rad1 Kh8 22. h3 Qf4 23. g3 Qd6 24. Nd2 Bg6 25. Qxd6 cxd6 26. Nb3 a5 27. d5 exd5
28. cxd5 Ne5 29. Nxa5 Rb2 30. Nc6 Nxc6 31. dxc6 1-0

[Event "Titled Tue 10th Jun Early"]
[Site "chess.com INT"]
[Date "2025.06.10"]
[Round "8"]
[White "Howell, David W L"]
[Black "Harshavardhan, G B"]
[Result "0-1"]
[WhiteTitle "GM"]
[BlackTitle "IM"]
[WhiteElo "2668"]
[BlackElo "2472"]
[WhiteFideId "410608"]
[BlackFideId "25059009"]
[EventDate "2025.06.10"]

1. e4 e6 2. Nf3 d5 3. exd5 exd5 4. d4 Bd6 5. c4 Nf6 6. c5 Be7 7. Bd3 O-O 8. h3
b6 9. Be3 Ba6 10. O-O bxc5 11. dxc5 c6 12. Nc3 Bxd3 13. Qxd3 a5 14. Rac1 Nbd7
15. Na4 Qc7 16. Rfe1 Rfe8 17. Bd4 Ne4 18. Rc2 Bf6 19. Bxf6 Ndxf6 20. Rce2 Nh5
21. Re3 Re6 22. Nd4 Rg6 23. Qf1 Rf8 24. Nc3 f5 25. f3 Nf4 26. fxe4 Nxg2 27. Qxg2
Rxg2+ 28. Kxg2 fxe4 29. Nce2 Rf6 30. Rf1 Rg6+ 31. Kh1 h6 32. b3 Qe7 33. Rc3 Qh4
34. a3 Kh7 35. b4 axb4 36. axb4 Qg5 37. Rb3 Qg2# 0-1

[Event "Titled Tue 10th Jun Early"]
[Site "chess.com INT"]
[Date "2025.06.10"]
[Round "8"]
[White "Golubovskis, Maksims"]
[Black "Wyss, Jonas"]
[Result "1/2-1/2"]
[WhiteTitle "FM"]
[BlackTitle "FM"]
[WhiteElo "2228"]
[BlackElo "2278"]
[WhiteFideId "11608528"]
[BlackFideId "1311387"]
[EventDate "2025.06.10"]

1. d4 d5 2. Nf3 Nf6 3. g3 Nbd7 4. Bg2 c5 5. c3 b6 6. O-O Bb7 7. Nbd2 g6 8. Ne5
Bg7 9. Qc2 O-O 10. Rd1 Qc7 11. Ndf3 Rad8 12. h3 Ne4 13. Be3 f6 14. Nxd7 Rxd7 15.
dxc5 bxc5 16. Rac1 e5 17. Nd2 Nxd2 18. Bxd2 Rc8 19. Qa4 Bc6 20. Qa3 Bf8 21. b4
cxb4 22. cxb4 Qb7 23. Qb3 Rb8 24. a3 a5 25. Bc3 axb4 26. axb4 Kg7 27. Bb2 Bxb4
28. Bc3 Bxc3 29. Qxc3 Ba4 30. Rxd5 Rxd5 31. Bxd5 Qxd5 32. Qc7+ Kh6 33. Qxb8 Bc6
34. f3 Qd4+ 35. Kf1 Bxf3 36. exf3 Qd3+ 37. Ke1 Qe3+ 38. Kd1 Qd3+ 39. Ke1 Qe3+
40. Kd1 Qd3+ 41. Ke1 1/2-1/2

[Event "Titled Tue 10th Jun Early"]
[Site "chess.com INT"]
[Date "2025.06.10"]
[Round "8"]
[White "Souleidis, Georgios"]
[Black "Todorovic, Bojan"]
[Result "1-0"]
[WhiteTitle "IM"]
[BlackTitle "FM"]
[WhiteElo "2418"]
[BlackElo "2111"]
[WhiteFideId "4206827"]
[BlackFideId "917087"]
[EventDate "2025.06.10"]

1. e4 g6 2. d4 Bg7 3. Nc3 d6 4. Nf3 a6 5. Be2 Nd7 6. O-O b5 7. Re1 Bb7 8. a4 b4
9. Na2 Ngf6 10. e5 Nd5 11. e6 fxe6 12. Ng5 Nf8 13. Bg4 e5 14. dxe5 Bxe5 15. Ne6
Nxe6 16. Bxe6 c6 17. Bh6 Qb6 18. Rxe5 dxe5 19. Bg7 Rf8 20. Bxf8 Kxf8 21. Qe1 Qd4
22. Bxd5 cxd5 23. Nxb4 Rd8 24. c3 Qf4 25. a5 d4 26. Rd1 Qg4 27. f3 Bxf3 28. Rd2
Bb7 29. Qxe5 Kg8 30. Qxe7 Rd7 31. Qe8+ Kg7 32. Qe5+ Kh6 33. h3 dxc3 34. Qe3+ 1-0

[Event "Titled Tue 10th Jun Early"]
[Site "chess.com INT"]
[Date "2025.06.10"]
[Round "8"]
[White "Sargsyan, Shant"]
[Black "Ahmad, Khagan"]
[Result "1-0"]
[WhiteTitle "GM"]
[BlackTitle "IM"]
[WhiteElo "2669"]
[BlackElo "2394"]
[WhiteFideId "13306766"]
[BlackFideId "13431552"]
[EventDate "2025.06.10"]

1. c4 e6 2. g3 d5 3. Bg2 Nf6 4. Nf3 Be7 5. O-O O-O 6. b3 c5 7. cxd5 Nxd5 8. Bb2
b6 9. d4 Bb7 10. dxc5 Bxc5 11. Nbd2 Be7 12. a3 Bf6 13. Qb1 Nc3 14. Bxc3 Bxc3 15.
Ra2 g6 16. h4 Nd7 17. Ne4 Bg7 18. Rd1 Qe7 19. Rad2 Nc5 20. Nxc5 Qxc5 21. b4 Qc4
22. Rc2 Qa6 23. Rc7 Rad8 24. Rdc1 Bxf3 25. Bxf3 Qxa3 26. b5 Be5 27. Rb7 Rb8 28.
Rd7 Rfd8 29. Rcd1 Bf6 30. Kg2 Rxd7 31. Rxd7 Rd8 32. Rb7 Qc5 33. Rxa7 Bd4 34. e3
Be5 35. h5 Rd2 36. h6 Rd8 37. Bc6 Qf8 38. Qe4 Bd6 39. Qf3 Bc5 40. Qf6 Rc8 41.
Bd7 Be7 42. Qf3 Rd8 43. Bc6 Bd6 44. Rb7 Qe7 45. Rxe7 1-0

[Event "Titled Tue 10th Jun Early"]
[Site "chess.com INT"]
[Date "2025.06.10"]
[Round "8"]
[White "Swara Lakshmi S Nair"]
[Black "Sahetchian, Armand"]
[Result "0-1"]
[WhiteTitle "WCM"]
[BlackTitle "CM"]
[WhiteElo "2187"]
[BlackElo "2024"]
[WhiteFideId "25629239"]
[BlackFideId "607150"]
[EventDate "2025.06.10"]

1. e4 e6 2. d4 d5 3. Nd2 dxe4 4. Nxe4 Nd7 5. Nf3 Ngf6 6. Bd3 Be7 7. O-O O-O 8.
c3 b6 9. Ne5 Bb7 10. Nxf6+ Bxf6 11. Re1 Nxe5 12. dxe5 Qd5 13. f3 Bxe5 14. Bxh7+
Kxh7 15. Qxd5 Bxh2+ 16. Kxh2 Bxd5 17. Bf4 c5 18. Kg3 Rfd8 19. Rh1+ Kg8 20. Rh5
f6 21. Rah1 Kf7 22. b3 a5 23. Rh7 a4 24. c4 Bc6 25. Bc7 Rd2 26. Bxb6 axb3 27.
axb3 Raa2 28. R7h2 Rab2 29. Bxc5 Rxb3 30. Ra1 Rc2 31. Ra7+ Rb7 32. Ra6 Bd7 33.
Rh4 Rc7 34. Ra7 Rxa7 35. Bxa7 g5 36. Rh7+ Ke8 37. c5 f5 38. Rh8+ Ke7 39. Rh7+
Ke8 40. Rh8+ Ke7 41. Rh7+ Kd8 42. Bb6+ Kc8 43. Rg7 f4+ 44. Kh2 Bb5 45. Rxg5 Bf1
46. Kg1 Rc1 47. Kf2 Bc4 48. Rg4 Rf1# 0-1

[Event "Titled Tue 10th Jun Early"]
[Site "chess.com INT"]
[Date "2025.06.10"]
[Round "8"]
[White "Molina, Roberto Junio Brito"]
[Black "Perossa, Nicolas"]
[Result "1-0"]
[WhiteTitle "IM"]
[BlackTitle "FM"]
[WhiteElo "2381"]
[BlackElo "2286"]
[WhiteFideId "2109450"]
[BlackFideId "2850520"]
[EventDate "2025.06.10"]

1. d4 Nf6 2. Nf3 e6 3. e3 c5 4. Bd3 Nc6 5. c3 d5 6. O-O Bd6 7. Nbd2 O-O 8. dxc5
Bxc5 9. e4 e5 10. b4 Bd6 11. a3 Bg4 12. h3 Bh5 13. exd5 Nxd5 14. Qb3 Nf4 15. Be4
Qf6 16. Nc4 Bc7 17. Bxf4 Qxf4 18. Rfe1 Bxf3 19. Bxf3 e4 20. Bxe4 Qh2+ 21. Kf1
Rae8 22. Nd2 Qh1+ 23. Ke2 Qxg2 24. Kd3 Rd8+ 25. Kc2 Qxf2 26. Bd5 Bf4 27. Red1
Ne7 28. c4 Nxd5 29. cxd5 Rc8+ 30. Kb1 Bxd2 31. Qd3 Bh6 32. Ra2 Qf6 33. d6 Rc3
34. Qd5 Qg6+ 35. Ka1 Qf6 36. Kb1 Rfc8 37. Re2 Rc1+ 38. Rxc1 Rxc1+ 39. Ka2 Qa1+
40. Kb3 Qc3+ 41. Ka4 b5+ 42. Qxb5 g6 43. d7 Qd4 44. d8=Q+ 1-0